| 000 | 00357 a2200109 4500 | ||
|---|---|---|---|
| 001 | ART_8563 | ||
| 005 | 20260410161844.0 | ||
| 008 | 260409a | ||
| 245 | 1 | 0 | _aNuevas notas sobre consumo, inversión y demanda efectiva |
| 100 | 1 | _aGaregnani, Pierangelo | |
| 773 | 0 |
_tEl trimestre económico _g- Vol. XLV, Nº 177 (ene./mar. 1978) _wREV6933 |
|
| 999 |
_c24378 _d24378 |
||